| 000 | 00384nam a2200157Ia 4500 | ||
|---|---|---|---|
| 008 | 230917s9999||||xx |||||||||||||| ||und|| | ||
| 040 |
_e78202 _aMAIN |
||
| 041 | _aEnglish | ||
| 082 | _a346.022 M91M(10) | ||
| 100 | _aMulla, | ||
| 245 | 0 | _aMulla on the Indian contract act | |
| 250 | _a10th ed. | ||
| 260 |
_aBombay _bN M Tripathi _c1982 |
||
| 300 | _axliii, 348 p. | ||
| 942 | _cBK | ||
| 999 |
_c183401 _d183401 |
||